000 01092nam a2200253 i 4500
001 82498
003 ES-MaACL
005 20250731110847.0
007 t|
008 041110s1984 sp 10110 spa d
020 _a84-7477-023-8
080 _a7.041.2-055.2(063)
111 2 _aJornadas de Investigación Interdisciplinaria (
_n3ª.
_d1983.
_cMadrid)
_9174331
245 1 3 _aLa imagen de la mujer en el arte español /
_cSeminario de Estudios de la Mujer de la Universidad Autónoma de Madrid.
260 _aMadrid :
_bUniversidad Autónoma de Madrid,
_c[1984]
300 _a148 p. ;
_c24 cm.
500 _aÍndice disponible en Dialnet.
650 4 _aMujeres-
_xEn el arte-
_vCongresos y asambleas.
_9174332
710 2 _aUniversidad Autónoma de Madrid.
_bSeminario de Estudios de la Mujer.
_9174334
852 4 _aES-MaACL
_jL-7213
_cDEPO2
_zRevisado enlace: 31 de julio de 2025
856 4 _uhttps://dialnet.unirioja.es/servlet/libro?codigo=6581&utm_source=catalogo.bne.es&utm_medium=libro&utm_campaign=Dialnet_Widgets
_yÍndice (Dialnet)
942 _2udc
999 _c82498
_d82498